| 000 | 00811cab a2200193 4500 | ||
|---|---|---|---|
| 001 | ##L134186 | ||
| 008 | 060717n2006 000 0 eng u | ||
| 035 | _a(Sirsi) u134186 | ||
| 041 | 0 | _aeng | |
| 100 | 1 | _aJansen, Mark | |
| 245 | 0 | 4 | _aThe outsiders |
| 260 | _c2006 | ||
| 490 | 0 |
_aProperty Week _v71(28) 14 July 2006, 62-63(2) |
|
| 520 | _aReports on the effect the impending smoking ban is having on the value of pubs in England and Wales. Outside space which was previously ignored for valuation purposes has suddenly become a valuable commodity. Considers fears that pubs without external areas will lose out. | ||
| 590 | _aIKA180706 | ||
| 651 | 4 |
_aEngland and Wales _y1543- |
|
| 690 | _aPROPERTY-COMMERCIAL PROPERTY-LEISURE PROPERTY-REFRESHMENT AND CULINARY PROPERTY-LICENSED PROPERTY | ||
| 942 | _n0 | ||
| 999 |
_c77396 _d77396 |
||